[Event "Barcelona Sant Marti op-A 23rd"]
[Site "Barcelona"]
[Date "2023.07.15"]
[Round "3"]
[White "Parra Ordorica, Arnau"]
[Black "Perez Pastora, Evaristo"]
[Result "0-1"]
[WhiteElo "1889"]
[BlackElo "2093"]
[PlyCount "74"]
[EventDate "2023.07.13"]
[EventType "swiss"]
[EventRounds "9"]
[EventCountry "ESP"]
[SourceTitle "CBM 215 Extra"]
[Source "ChessBase"]
[SourceDate "2023.09.30"]
[SourceVersion "1"]
[SourceVersionDate "2023.09.30"]
[SourceQuality "1"]

1. d4 Nf6 2. c4 c5 3. d5 e5 4. Nc3 d6 5. e4 h5 6. h3 Be7 7. Be2 h4 8. Nf3 g6 9. a3 Nh5 10. b4 Nd7 11. 0-0 b6 12. Ne1 Nf4 13. Nd3 g5 14. Bf3 Nf6 15. Bxf4 gxf4 16. b5 Rg8 17. Kh2 Nh7 18. a4 Bd7 19. a5 Rb8 20. axb6 axb6 21. Qa4 Ng5 22. Ra2 Bxh3 23. Rfa1 Bc8 24. Ne1 Nxf3+ 25. Nxf3 Qd7 26. Qa7 Rb7 27. Qa8 Qg4 28. Rg1 Kd7 29. Ra7 Kc7 30. Ne1 h3 31. g3 Bh4 32. Rxb7+ Bxb7 33. Qxg8 Qxg8 34. gxh4 Qh7 35. Kxh3 Bc8+ 36. Kg2 Qxh4 37. Kf1 Qh3+ 0-1

[Event "ESP-ch Seniora 50"]
[Site "Altea"]
[Date "2022.11.06"]
[Round "9"]
[White "Perez Pastora, Evaristo"]
[Black "Carrera Perez, Francisco"]
[Result "0-1"]
[WhiteElo "2094"]
[BlackElo "2266"]
[PlyCount "30"]
[EventDate "2022.10.29"]
[EventType "swiss"]
[EventRounds "9"]
[EventCountry "ESP"]
[SourceTitle "EXT 2024"]
[Source "ChessBase"]
[SourceDate "2023.10.10"]
[SourceVersion "1"]
[SourceVersionDate "2023.10.10"]
[SourceQuality "1"]
[WhiteTeam "Spain"]
[BlackTeam "Spain"]
[WhiteTeamCountry "ESP"]
[BlackTeamCountry "ESP"]

1. e4 e6 2. Qe2 c5 3. Nf3 Nc6 4. g3 g6 5. Bg2 Bg7 6. 0-0 Nge7 7. c3 d6 8. Na3 0-0 9. Rd1 e5 10. Nc2 f5 11. Qc4+ Kh8 12. Ng5 Qe8 13. Ne6 Qf7 14. d4 Bxe6 15. d5 Bc8 0-1

[Event "ESP-ch Seniora 50"]
[Site "Altea"]
[Date "2022.11.04"]
[Round "7"]
[White "Perez Pastora, Evaristo"]
[Black "De Pablos Fernandez, Mariano"]
[Result "1-0"]
[WhiteElo "2094"]
[BlackElo "1846"]
[PlyCount "79"]
[EventDate "2022.10.29"]
[EventType "swiss"]
[EventRounds "9"]
[EventCountry "ESP"]
[SourceTitle "EXT 2024"]
[Source "ChessBase"]
[SourceDate "2023.10.10"]
[SourceVersion "1"]
[SourceVersionDate "2023.10.10"]
[SourceQuality "1"]
[WhiteTeam "Spain"]
[BlackTeam "Spain"]
[WhiteTeamCountry "ESP"]
[BlackTeamCountry "ESP"]

1. e4 e5 2. Nf3 f5 3. d4 fxe4 4. Nxe5 Nf6 5. Nc3 Bb4 6. Bg5 d6 7. Nc4 0-0 8. a3 Bxc3+ 9. bxc3 Qe8 10. Ne3 Qg6 11. Bh4 Ng4 12. Bc4+ Kh8 13. 0-0 Nxh2 14. Kxh2 Qh6 15. Kg1 Qxh4 16. f3 Qh6 17. Qe2 Bd7 18. fxe4 Nc6 19. Nd5 g5 20. Qe3 Na5 21. Bd3 c6 22. Nb4 b5 23. Rae1 Nc4 24. Bxc4 bxc4 25. d5 c5 26. Na6 Rf4 27. e5 Rh4 28. e6 Rh1+ 29. Kf2 Rf8+ 30. Ke2 Qh5+ 31. Rf3 Rxe1+ 32. Kxe1 Qh1+ 33. Kf2 Qh4+ 34. Kg1 Rxf3 35. Qxf3 Qe1+ 36. Qf1 Qe3+ 37. Qf2 Qxf2+ 38. Kxf2 Ba4 39. Nxc5 Be8 40. Ne4 1-0

[Event "Barcelona Tres Peons"]
[Site "Barcelona"]
[Date "2021.11.08"]
[Round "8"]
[White "Brusi Noguera, Ricardo Ll"]
[Black "Perez Pastora, Evaristo"]
[Result "1/2-1/2"]
[WhiteElo "2099"]
[BlackElo "2104"]
[PlyCount "183"]
[EventDate "2021.09.20"]
[EventType "tourn"]
[EventRounds "9"]
[EventCountry "ESP"]
[SourceTitle "EXT 2023"]
[Source "ChessBase"]
[SourceDate "2022.10.05"]
[SourceVersion "1"]
[SourceVersionDate "2022.10.05"]
[SourceQuality "1"]

1. d4 d5 2. Nf3 e6 3. e3 Nf6 4. Bd3 c5 5. b3 b6 6. 0-0 Be7 7. Bb2 0-0 8. Nbd2 Bb7 9. Ne5 Nc6 10. a3 a6 11. f4 b5 12. c3 g6 13. Qf3 Ne8 14. Qh3 Nxe5 15. fxe5 Ng7 16. Rf2 f5 17. exf6 Bxf6 18. dxc5 Qe7 19. b4 e5 20. e4 Bg5 21. Raf1 Bf4 22. Kh1 Bc8 23. Qf3 Qg5 24. g3 Bg4 25. Qg2 Bxd2 26. Rxd2 Rxf1+ 27. Bxf1 Bf3 28. Qxf3 Qxd2 29. Qe2 Qxe2 30. Bxe2 Rd8 31. exd5 Rxd5 32. Bc1 Ne6 33. Be3 Kf7 34. Kg2 Rd8 35. Kf3 Kf6 36. h4 Kf5 37. g4+ Kf6 38. Ke4 Nf4 39. g5+ Ke7 40. Bxf4 exf4 41. c4 Rd2 42. Bf1 bxc4 43. Bxc4 a5 44. bxa5 Kd7 45. Bg8 f3 46. Kxf3 Rd3+ 47. Ke4 Rxa3 48. Bxh7 Rxa5 49. Bxg6 Ra4+ 50. Ke5 Rxh4 51. Be4 Ke7 52. Bd5 Rh2 53. Kf5 Rf2+ 54. Ke5 Re2+ 55. Be4 Re1 56. g6 Rg1 57. c6 Rc1 58. Bd5 Re1+ 59. Kf5 Rf1+ 60. Kg5 Rg1+ 61. Kh6 Kf6 62. Kh5 Rg5+ 63. Kh6 Rxg6+ 64. Kh7 Rg7+ 65. Kh8 Rc7 66. Be4 Re7 67. Bd5 Kg6 68. c7 Rxc7 69. Bg8 Rg7 70. Bc4 Rh7+ 71. Kg8 Rd7 72. Kh8 Rd4 73. Bb3 Rd8+ 74. Bg8 Kf6 75. Kh7 Rd2 76. Kh8 Kg6 77. Bh7+ Kh6 78. Bg8 Rd6 79. Bh7 Rd7 80. Bg8 Kg6 81. Bb3 Rh7+ 82. Kg8 Rh2 83. Bf7+ Kf6 84. Bd5 Rd2 85. Be4 Rd4 86. Bc2 Rg4+ 87. Kh8 Rg3 88. Be4 Rg1 89. Bd5 Rg4 90. Ba2 Rh4+ 91. Kg8 Rg4+ 92. Kh8 1/2-1/2

[Event "Barcelona Sant Marti op 9th"]
[Site "Barcelona"]
[Date "2020.03.12"]
[Round "9"]
[White "Moreno Perez, Norberto"]
[Black "Perez Pastora, Evaristo"]
[Result "0-1"]
[WhiteElo "1867"]
[BlackElo "2102"]
[PlyCount "74"]
[EventDate "2020.01.16"]
[EventType "swiss"]
[EventRounds "9"]
[EventCountry "ESP"]
[SourceTitle "EXT 2021"]
[Source "ChessBase"]
[SourceDate "2020.10.23"]
[SourceVersion "1"]
[SourceVersionDate "2020.10.23"]
[SourceQuality "1"]

1. d4 Nf6 2. Nf3 g6 3. c3 Bg7 4. Bg5 0-0 5. Nbd2 d6 6. h3 c5 7. e3 Nc6 8. Bd3 Re8 9. 0-0 b6 10. Qa4 Bd7 11. Qc2 Rc8 12. Rad1 cxd4 13. exd4 Nb4 14. Qb1 Nxd3 15. Qxd3 Be6 16. Rfe1 Qc7 17. a3 Bd5 18. Re3 h6 19. Bh4 Nh5 20. Rde1 Nf4 21. Qb1 Be6 22. Bg3 Bf5 23. Qa2 g5 24. d5 b5 25. Nd4 Bxd4 26. cxd4 Nd3 27. Qb1 Qc2 28. Nf1 Nxe1 29. Qxe1 Qb1 30. Qe2 Rc1 31. Bxd6 e6 32. Qxb5 Rec8 33. dxe6 Rxf1+ 34. Kh2 Bxe6 35. d5 Rh1+ 36. Kg3 Qf5 37. Be5 Rxh3+ 0-1

[Event "Barcelona Sant Marti op 9th"]
[Site "Barcelona"]
[Date "2020.02.27"]
[Round "7"]
[White "Perez Pastora, Evaristo"]
[Black "Castillo Dalmau, Albert"]
[Result "0-1"]
[WhiteElo "2102"]
[BlackElo "2171"]
[PlyCount "64"]
[EventDate "2020.01.16"]
[EventType "swiss"]
[EventRounds "9"]
[EventCountry "ESP"]
[SourceTitle "CBM 195 Extra"]
[Source "ChessBase"]
[SourceDate "2020.05.31"]
[SourceVersion "1"]
[SourceVersionDate "2020.05.31"]
[SourceQuality "1"]

1. e4 c5 2. Nf3 e6 3. d4 cxd4 4. Nxd4 Nc6 5. Nxc6 bxc6 6. Bd3 Nf6 7. 0-0 d5 8. Nd2 Qc7 9. f4 Ba6 10. Bxa6 Qb6+ 11. Kh1 Qxa6 12. e5 Nd7 13. Nb3 Be7 14. f5 exf5 15. Nd4 g6 16. e6 Nf6 17. Bg5 0-0 18. Bh6 c5 19. Nxf5 gxf5 20. Rxf5 fxe6 21. Rg5+ Kf7 22. Qf3 Rg8 23. Rf1 Ke8 24. b3 Kd7 25. c4 Rxg5 26. Bxg5 Rf8 27. Qh3 Ne4 28. Rxf8 Nxg5 29. Qh6 Bxf8 30. Qxf8 Qd6 31. Qh6 Qf4 32. h4 Qc1+ 0-1

[Event "Barcelona Sant Marti op 9th"]
[Site "Barcelona"]
[Date "2020.01.16"]
[Round "1"]
[White "Perez Pastora, Evaristo"]
[Black "Abascal Vicente, Ignacio"]
[Result "1-0"]
[WhiteElo "2102"]
[BlackElo "1644"]
[PlyCount "31"]
[EventDate "2020.01.16"]
[EventType "swiss"]
[EventRounds "9"]
[EventCountry "ESP"]
[SourceTitle "CBM 195 Extra"]
[Source "ChessBase"]
[SourceDate "2020.05.31"]
[SourceVersion "1"]
[SourceVersionDate "2020.05.31"]
[SourceQuality "1"]

1. e4 e5 2. Nf3 Nc6 3. Bb5 a6 4. Ba4 Nf6 5. d4 b5 6. Bb3 d6 7. dxe5 dxe5 8. Qxd8+ Kxd8 9. Ng5 Be6 10. Bxe6 fxe6 11. Nf7+ Ke8 12. Nxh8 Nd4 13. Kd1 Nxe4 14. Be3 Rd8 15. Nd2 Nf5 16. Kc1 1-0

[Event "Foment Martinenc op-A 21st"]
[Site "Barcelona"]
[Date "2019.06.15"]
[Round "8"]
[White "Vehi Bach, Victor Manuel"]
[Black "Perez Pastora, Evaristo"]
[Result "1-0"]
[WhiteElo "2306"]
[BlackElo "2052"]
[PlyCount "65"]
[EventDate "2019.04.27"]
[EventType "swiss"]
[EventRounds "9"]
[EventCountry "ESP"]
[SourceTitle "EXT 2020"]
[Source "ChessBase"]
[SourceDate "2019.10.17"]
[SourceVersion "1"]
[SourceVersionDate "2019.10.17"]
[SourceQuality "1"]

1. e4 c5 2. Nf3 d6 3. d4 cxd4 4. Nxd4 Nf6 5. Nc3 a6 6. Be3 e5 7. Nb3 Be6 8. h3 Be7 9. f4 exf4 10. Bxf4 0-0 11. Qe2 Nbd7 12. 0-0-0 h6 13. Bxd6 Bxd6 14. Rxd6 Qc7 15. Rd1 b5 16. g4 Rfe8 17. Qh2 Qa7 18. Bg2 Bxb3 19. axb3 Rac8 20. Qd6 Nc5 21. e5 b4 22. exf6 bxc3 23. Qd4 Re2 24. Bd5 cxb2+ 25. Qxb2 Qc7 26. Bc4 Nxb3+ 27. Bxb3 Rf2 28. Kb1 Rxf6 29. Rhf1 Rf4 30. Rxf4 Qxf4 31. Qd4 Qf3 32. Qd3 Qc6 33. Qd7 1-0

[Event "Barcelona Sant Marti op 8th"]
[Site "Barcelona"]
[Date "2019.02.28"]
[Round "7"]
[White "Capellades Subirana, Marc"]
[Black "Perez Pastora, Evaristo"]
[Result "1-0"]
[WhiteElo "2125"]
[BlackElo "2022"]
[PlyCount "101"]
[EventDate "2019.01.17"]
[EventType "swiss"]
[EventRounds "9"]
[EventCountry "ESP"]
[SourceTitle "CBM 189 Extra"]
[Source "ChessBase"]
[SourceDate "2019.05.31"]
[SourceVersion "1"]
[SourceVersionDate "2019.05.31"]
[SourceQuality "1"]

1. e4 c5 2. Nf3 d6 3. d4 cxd4 4. Nxd4 Nf6 5. Nc3 a6 6. Bg5 Nbd7 7. Qf3 Qa5 8. Nf5 Ne5 9. Qe2 Be6 10. Bxf6 gxf6 11. Qd2 Rc8 12. Be2 Bxf5 13. exf5 Nc4 14. Bxc4 Rxc4 15. 0-0-0 Qxf5 16. Rhe1 e6 17. Nd5 Bh6 18. Ne3 Bxe3 19. Rxe3 0-0 20. Rf3 Qe4 21. c3 Rfc8 22. Qxd6 h6 23. Qe7 Qg6 24. Rdd3 Kh7 25. Rg3 R8c7 26. Rd7 Rxd7 27. Qxd7 Rg4 28. Rxg4 Qxg4 29. Qxf7+ Kh8 30. Qxf6+ Kh7 31. Qf7+ Kh8 32. Qe8+ Kg7 33. Qd7+ Kg6 34. Qd3+ Kh5 35. Qg3 Qe4 36. Qh3+ Kg6 37. Kd2 Qf4+ 38. Qe3 Qa4 39. Qxe6+ Kg7 40. Qe7+ Kg6 41. Qd6+ Kh7 42. Qd3+ Kg8 43. Qg6+ Kf8 44. Qxh6+ Kg8 45. Qg6+ Kf8 46. Qf6+ Kg8 47. Qe6+ Kf8 48. g3 b5 49. Qf6+ Ke8 50. Qe5+ Kf7 51. Qf4+ 1-0

[Event "Barcelona Sant Marti op-A 20th"]
[Site "Barcelona"]
[Date "2018.07.20"]
[Round "8"]
[White "Jijo, Joy"]
[Black "Perez Pastora, Evaristo"]
[Result "1-0"]
[WhiteElo "1969"]
[BlackElo "2103"]
[PlyCount "69"]
[EventDate "2018.07.13"]
[EventType "swiss"]
[EventRounds "9"]
[EventCountry "ESP"]
[SourceTitle "CBM 185 Extra"]
[Source "ChessBase"]
[SourceDate "2018.07.29"]
[SourceVersion "1"]
[SourceVersionDate "2018.07.29"]
[SourceQuality "1"]

1. e4 c5 2. Nf3 d6 3. d4 cxd4 4. Nxd4 Nf6 5. Nc3 a6 6. g3 e5 7. Nde2 Be7 8. Bg2 0-0 9. a4 Be6 10. 0-0 Qc8 11. Bg5 h6 12. Bxf6 Bxf6 13. Nd5 Bd8 14. Nec3 Nc6 15. a5 Nd4 16. Rc1 Qc5 17. b4 Qc4 18. Kh1 Rc8 19. Qd3 Kh8 20. Rfe1 Bg5 21. f4 exf4 22. gxf4 Bxf4 23. Nxf4 Qxc3 24. Qxc3 Rxc3 25. e5 dxe5 26. Nxe6 fxe6 27. Bxb7 Rf2 28. Bxa6 Nf3 29. Re2 Rxe2 30. Bxe2 Nd4 31. Bd3 Nc6 32. b5 Nxa5 33. Ra1 e4 34. Bxe4 Re3 35. Bg6 1-0

[Event "Barcelona Sant Marti op-A 20th"]
[Site "Barcelona"]
[Date "2018.07.14"]
[Round "2"]
[White "Valenzuela Gomez, Fernando Alberto"]
[Black "Perez Pastora, Evaristo"]
[Result "1-0"]
[WhiteElo "2389"]
[BlackElo "2103"]
[PlyCount "63"]
[EventDate "2018.07.13"]
[EventType "swiss"]
[EventRounds "9"]
[EventCountry "ESP"]
[SourceTitle "CBM 185 Extra"]
[Source "ChessBase"]
[SourceDate "2018.07.29"]
[SourceVersion "1"]
[SourceVersionDate "2018.07.29"]
[SourceQuality "1"]

1. d4 Nf6 2. c4 e6 3. Nc3 Bb4 4. Bd2 0-0 5. e3 b6 6. Nf3 Bb7 7. Bd3 d5 8. cxd5 exd5 9. Rc1 a6 10. 0-0 Nbd7 11. Ne5 Bd6 12. f4 c5 13. Be1 Ne4 14. Qh5 Ndf6 15. Qh3 Nxc3 16. Bxc3 Ne4 17. Bxe4 dxe4 18. dxc5 bxc5 19. Nd7 Bc8 20. Qg3 f6 21. Nxf8 Qxf8 22. Rfd1 Bd7 23. Be5 Bxe5 24. fxe5 Bb5 25. exf6 Qxf6 26. Qd6 Rf8 27. Qxf6 Rxf6 28. Rxc5 Be2 29. Rd8+ Kf7 30. Rc1 h5 31. Rd2 Bd3 32. Rf2 1-0

[Event "Barcelona Sant Marti op-A 20th"]
[Site "Barcelona"]
[Date "2018.07.13"]
[Round "1"]
[White "Perez Pastora, Evaristo"]
[Black "Yang, Jack Nathaniel"]
[Result "1-0"]
[WhiteElo "2103"]
[BlackElo "1661"]
[PlyCount "111"]
[EventDate "2018.07.13"]
[EventType "swiss"]
[EventRounds "9"]
[EventCountry "ESP"]
[SourceTitle "CBM 185 Extra"]
[Source "ChessBase"]
[SourceDate "2018.07.29"]
[SourceVersion "1"]
[SourceVersionDate "2018.07.29"]
[SourceQuality "1"]

1. e4 c5 2. Nf3 Nc6 3. d4 cxd4 4. Nxd4 e6 5. Nxc6 bxc6 6. Bd3 Bc5 7. 0-0 Ne7 8. Qh5 Bb6 9. Nd2 d5 10. Nf3 h6 11. Qg4 dxe4 12. Bxe4 g6 13. Ne5 Qd4 14. Nxc6 Qc4 15. Nxe7 Kxe7 16. b3 Qb4 17. c3 Qxc3 18. Ba3+ Kf6 19. Bxa8 Ba6 20. Qf3+ Qxf3 21. Bxf3 Bxf1 22. Kxf1 Rc8 23. Rc1 Rxc1+ 24. Bxc1 h5 25. Be3 Bxe3 26. fxe3 Ke7 27. Ke2 f6 28. Kd3 Kd6 29. a3 f5 30. e4 h4 31. Kd4 g5 32. h3 g4 33. hxg4 e5+ 34. Kc4 fxg4 35. Bxg4 Kc6 36. b4 a6 37. a4 Kd6 38. a5 Kc6 39. Bc8 Kc7 40. Bxa6 Kc6 41. Bc8 Kc7 42. Bh3 Kc6 43. b5+ Kd6 44. Bf5 Kc7 45. Kd5 Kb7 46. Kxe5 Kc7 47. Kd5 Kb7 48. e5 h3 49. gxh3 Kc7 50. e6 Kd8 51. Kd6 Kc8 52. e7+ Kb7 53. e8Q Ka7 54. Qe7+ Kb8 55. Qc7+ Ka8 56. Be4# 1-0

[Event "Foment Martinenc op-A 20th"]
[Site "Barcelona"]
[Date "2018.06.09"]
[Round "8"]
[White "Fernandez Aguilar, Francisco"]
[Black "Perez Pastora, Evaristo"]
[Result "1-0"]
[WhiteElo "2063"]
[BlackElo "2134"]
[PlyCount "79"]
[EventDate "2018.04.21"]
[EventType "swiss"]
[EventRounds "9"]
[EventCountry "ESP"]
[SourceTitle "CBM 184 Extra"]
[Source "ChessBase"]
[SourceDate "2018.06.28"]
[SourceVersion "1"]
[SourceVersionDate "2018.06.28"]
[SourceQuality "1"]

1. Nf3 Nf6 2. g3 g6 3. Bg2 Bg7 4. 0-0 0-0 5. d4 d6 6. a4 Na6 7. Nc3 c5 8. d5 Bf5 9. Nd2 Qd7 10. Re1 Nb4 11. e4 Bh3 12. Bh1 Ng4 13. Ne2 f5 14. Nf4 Nxf2 15. Kxf2 Bd4+ 16. Ke2 Bg4+ 17. Bf3 fxe4 18. Nxe4 Qf5 19. Kd2 Bxf3 20. Qxf3 Nxd5 21. Qb3 e6 22. Nxd6 Qg4 23. h3 Qg5 24. Rxe6 Rxf4 25. gxf4 Qxf4+ 26. Kd1 Qf1+ 27. Re1 Qg2 28. Ne4 Rd8 29. Bg5 Rd7 30. Kc1 Bf2 31. Nxf2 Qxg5+ 32. Kb1 Kg7 33. Ne4 Qe5 34. c3 Nf4 35. Ka2 Ng2 36. Re2 Nf4 37. Rd2 Nd3 38. Qc4 Rd4 39. cxd4 Nb4+ 40. Qxb4 1-0